ระบบห้องสมุดอัตโนมัติ ULibM
วิทยาลัยพยาบาลบรมราชชนนี พระพุทธบาท
เปลี่ยนเป็นภาษาไทย

Change to English
 แสดงรายละเอียดบรรณานุกรม
  กลับหน้าหลัก

Brief Record : Get Marc (ISO 2709) : E-mail record : QR code ปิดหน้าต่าง
E-books : เกี่ยวกับ Collections
LEADER 00000nam 2200000uu 4500
001    13399123160
003     ULIBM
008    151212s2000 th a 000 0 eng d
020    0803604718
100    Jill E. Winland-Brown, Lynne M. Dunphy
245    Adult and family nurse practitioner certification examination: Review questions and strategies
250    1st ed
260    Philadelphia :^bF.A.Davis Company,^c2000
300    352 pages
945    ^p0^l0^i014362
999    ^aน.ส.เรวดี วงษ์สุวรรณ์
รายการนี้ยังไม่มีแท็ก
คุณยังไม่ได้ล็อกอิน คุณสามารถมีกิจกรรมร่วมกับเว็บไซต์ได้ แต่ต้องล็อกอินก่อน ::
  ล็อกอิน
ลำดับที่ ประเภท เลขเรียก สถานที่ สถานะ
1.
WY18.2 W775r 2000  
  
วิทยาลัยพยาบาลบรมราชชนนี พระพุทธบาท
►หนังสือทั่วไป
On Shelf
   [แสดง 1/1 รายการ]

Bib 13399123160